Statistics for Every Manchester United Champions League Goalscorers

Click here to take the quiz!

General Stats

  • This quiz has been taken 39 times
  • The average score is 33 of 79

Answer Stats

NPlayerG% Correct
2Wayne Rooney34
96%
5Cristiano Ronaldo21
93%
3Ryan Giggs29
93%
10Marcus Rashford12
86%
4Paul Scholes24
86%
8David Beckham15
82%
1Ruud van Nistelrooy38
82%
14Robin van Persie7
79%
21Bruno Fernandes4
71%
16Carlos Tevez6
71%
18Anthony Martial5
68%
7Ole Gunnar Solskjaer18
68%
58Paul Pogba1
68%
12Teddy Sheringham9
68%
6Andy Cole19
64%
18Eric Cantona5
64%
21Michael Carrick4
64%
21Nani4
64%
58Rio Ferdinand1
64%
28Darren Fletcher3
57%
11Dwight Yorke11
57%
38Gary Neville2
57%
38Nemanja Vidic2
57%
38Phil Neville2
57%
38Casemiro2
50%
38John O'Shea2
50%
38Juan Mata2
50%
58Patrice Evra1
50%
38Phil Jones2
50%
9Roy Keane14
50%
58Wes Brown1
50%
16Antonio Valencia6
46%
58Harry Maguire1
46%
21Denis Irwin4
43%
58Jadon Sancho1
43%
38Nicky Butt2
43%
28Anderson3
39%
38Chris Smalling2
39%
18Dimitar Berbatov5
39%
14Romelu Lukaku7
39%
28Alan Smith3
36%
28Ji-sung Park3
36%
28Jonny Evans3
36%
28Louis Saha3
36%
38Ashley Young2
32%
12Javier Hernández9
32%
21Juan Sebastián Verón4
32%
28Marouane Fellaini3
32%
21Michael Owen4
32%
38Mark Hughes2
29%
38Mason Greenwood2
29%
38Mikael SIlvestre2
29%
58Rasmus Hojlund1
29%
38Steve Bruce2
29%
58Ander Herrera1
25%
58Daley Blind1
25%
21Danny Welbeck4
25%
38Lee Sharpe2
25%
28Memphis Depay3
25%
58Andrei Kanchelskis1
21%
58Bryan Robson1
21%
58David May1
21%
28Diego Forlán3
21%
58Henning Berg1
21%
58Alex Telles1
18%
58Anthony Elanga1
18%
58Henrikh Mkhitaryan1
18%
28Laurent Blanc3
18%
38Gabriel Heinz2
14%
58Daniel James1
11%
38Gerard Pique2
11%
58Henrik Larsson1
11%
58Eric Djemba-Djemba1
7%
38Kieran Richardson2
7%
58Bébé1
4%
38David Bellion2
4%
58Gabriel Obertan1
4%
38Darron Gibson2
0%
58Simon Davies1
0%

Score Distribution

Percentile by Number Answered

Percent of People with Each Score

Your Score History

You have not taken this quiz